000
00286nam a22001337a 4500
008
170411b xxu||||| |||| 00| 0 eng d
020
_a
0721676456
041
_a
eng
080
_a
612.39
100
_a
9
101
_a
SHM
245
_a
PARENTERAL NUTRITION
_c
ROMBEAU
942
_2
udc
_c
BK
999
_c
10356
_d
10356